Loading...
| Fine Arts - Painting and Sculpture | 0 | 10 | 0 | 0 | 100 | 16 | 50.60 | 2 | 8 | 0.00 | 0.00 |
| History - European | 0 | 7 | 1 | 0 | 65 | 17 | 28.86 | 3 | 6 | 0.00 | 0.00 |
| History - Other | 0 | 6 | 0 | 0 | 60 | 14 | 42.17 | 3 | 6 | 0.00 | 0.00 |
| Science - Chemistry | 0 | 6 | 1 | 0 | 55 | 34 | 71.00 | 0 | 1 | 0.00 | 0.00 |
| History - World | 0 | 5 | 1 | 0 | 45 | 15 | 21.80 | 4 | 5 | 0.00 | 0.00 |
| History - American | 0 | 5 | 2 | 0 | 40 | 36 | 51.60 | 3 | 3 | 0.00 | 0.00 |
| Literature - World | 0 | 4 | 0 | 0 | 40 | 26 | 64.75 | 0 | 3 | 0.00 | 0.00 |
| Science - Biology | 0 | 4 | 2 | 0 | 30 | 21 | 40.50 | 2 | 3 | 0.00 | 0.00 |
| Literature - British | 0 | 3 | 0 | 0 | 30 | 19 | 56.00 | 1 | 1 | 0.00 | 0.00 |
| Science - Other | 0 | 3 | 0 | 0 | 30 | 34 | 53.00 | 1 | 2 | 0.00 | 0.00 |
| Science - Physics | 0 | 3 | 1 | 0 | 25 | 50 | 53.67 | 0 | 3 | 0.00 | 0.00 |
| Current Events | 0 | 2 | 0 | 0 | 20 | 23 | 58.50 | 1 | 1 | 0.00 | 0.00 |
| Fine Arts - Other | 0 | 2 | 0 | 0 | 20 | 35 | 77.00 | 1 | 1 | 0.00 | 0.00 |
| Philosophy | 0 | 2 | 0 | 0 | 20 | 36 | 54.00 | 0 | 1 | 0.00 | 0.00 |
| Popular Culture | 0 | 2 | 0 | 0 | 20 | 82 | 84.50 | 0 | 0 | 0.00 | 0.00 |
| Social Science | 0 | 2 | 0 | 0 | 20 | 44 | 57.50 | 0 | 2 | 0.00 | 0.00 |
| Literature - European | 0 | 1 | 0 | 0 | 10 | 35 | 35.00 | 0 | 1 | 0.00 | 0.00 |
| Religion | 0 | 1 | 0 | 0 | 10 | 65 | 65.00 | 0 | 1 | 0.00 | 0.00 |
| Geography | 0 | 1 | 1 | 1 | 5 | 101 | 101.00 | 0 | 0 | 0.00 | 0.00 |